| 000 | 01663nam a22002897a 4500 | ||
|---|---|---|---|
| 005 | 20240814174519.0 | ||
| 008 | s2541 th tha d | ||
| 020 | _a9748267067 | ||
| 040 | _aNALT | ||
| 041 | _atha | ||
| 100 | 0 | _aสุวรรณ ตั้งจิตรเจริญ | |
| 245 | 1 | 0 | _aคู่มือท่องจำกฎหมายโรคศิลปะ สำหรับผู้สอบรับใบประกอบโรคศิลปะแพทย์แผนไทย |
| 260 | 3 |
_aกรุงเทพฯ : _bสุวีริยาสาส์น, _c2541 |
|
| 300 |
_a152 หน้า : _b ภาพประกอบ ; _c 27 ซม. |
||
| 650 | 0 | 4 | _aใบประกอบโรคศิลปะแพทย์แผนไทย -- กฎหมายและระเบียบข้อบังคับ |
| 650 | 0 | 4 | _aการประกอบโรคศิลป์ -- กฎหมายและระเบียบข้อบังคับ |
| 650 | 0 | 4 | _aการประกอบโรคศิลป์ (พ.ร.บ.) -- 2479 |
| 650 | 0 | 4 | _aยา (พ.ร.บ.) -- 2510 |
| 650 | 0 | 4 | _aยา (พ.ร.บ.) ฉบับที่ 4 -- 2527 |
| 650 | 0 | 4 | _aยาแผนโบราณ -- การยื่นคำขออนุญาต |
| 650 | 0 | 4 | _aสถานพยาบาล (พ.ร.บ.) -- 2504 |
| 650 | 0 | 4 | _aแพทย์แผนโบราณ -- กฎหมายและระเบียบข้อบังคับ |
| 850 | _aNALT | ||
| 942 |
_cLB _2lcc |
||
| 999 |
_c17395 _d17395 |
||
| 998 |
_j25 _k นีลวัสน์ อินทรักษา |
||
| 090 | _aKP34 ส869ค 2541 | ||